Kluby piłkarskie Galicji i Asturii - nagła śmierć - Statystyki

Ogólne statystyki
  • Ten quiz został rozwiązany 20 razy
  • Średni wynik to 2 z 8
Answers on the Grid
Answers color-coded by a green-red scale on the quiz's grid according to % correct below.
Ourense CF
Recreativo Huelva
Sporting Gijón
Real Valladolid
CD Arenteiro
CD Lugo
Deportivo Alavés
Deportivo La Coruña
Yeclano Deportivo
Racing de Ferrol
CD Alcoyano
Real Oviedo
Celta Vigo
Pontevedra CF
 
Statystyki odpowiedzi
Odpowiedź % Poprawnych
Celta Vigo
83%
Ourense CF
33%
Deportivo La Coruña
17%
Sporting Gijón
17%
CD Arenteiro
0%
CD Lugo
0%
Racing de Ferrol
0%
Real Oviedo
0%
Nie znaleziono quizów pasujących do podanych kryteriów
Rozkład punktacji
Procent ludzi z każdym wynikiem
Percentyl według liczby udzielonych odpowiedzi
Twoja historia wyników
Nie rozwiązałeś tego quizu